Регионална библиотека "Любен Каравелов" - Русе

The Harry A. Franklin Family Collection of African art : auction, Saturday, April 21, 1990 at 10:15 am and 2 pm (Запис номер 540037)

MARC детайли
000 -Лидер
Лидер 01550aam a2200337 a 4500
003 - Код на организацията, давaща контролен номер
Код на организацията, даваща контролен номер BLK
005 - Дата и час на последна редакция
Дата и час на последна редакция 20250611092937.0
008 - Елементи от данни с фиксирана дължина
Елементи с фиксирана дължина 180918b bul||||| |||| 00| 0 bul d
020 ## - Международен стандартен номер на книга ISBN
ISBN 490950788
040 ## - Източник на каталожния запис
Код на библиотеката BLK
041 ## - Код за език
Език Английски
Език за КДБФ Английски
080 ## - УДК
УДК текст История на изкуството (периоди и фази). Художествени стилове и влияния
УДК код 7.03
УДК – определител (6)(083.824)
УДК – код + определител 7.03(6)(083.824)
9 (RLIN) 232021
080 ## - УДК
УДК текст Скулптура. Общи въпроси
УДК код 730
УДК – определител (6)(083.824)
УДК – код + определител 730(6)(083.824)
9 (RLIN) 238607
080 ## - УДК
УДК текст Колекционерство и колекциониране на произведения на изкуство
УДК код 7.074
УДК – определител (6)(73)
УДК – код + определител 7.074(6)(73)
9 (RLIN) 233561
084 ## - Класификационен индекс по друга класификация
Авторски знак The - T 44
245 ## - Сведения за заглавието
Заглавие The Harry A. Franklin Family Collection of African art : auction, Saturday, April 21, 1990 at 10:15 am and 2 pm
Подзаглавни данни catalog
260 ## - Област на издателските данни
Място на издаване New York
Име на издателя Sotheby's
Година на издаване 1990
9 (RLIN) 498430
300 ## - Физическа характеристика
Брой страници 1 v. : 250 p.
Илюстрации ill. (some col.)
Размер 27 cm
380 ## - Жанр
Жанр Изкуство
650 #0 - Допълнително описание по предмет – тема
9 (RLIN) 313621
Предметна рубрика Изкуство - Африка - история
650 #0 - Допълнително описание по предмет – тема
9 (RLIN) 341600
Предметна рубрика Скулптура - музеи, галерии, колекции и изложби
651 #0 - Допълнително описание по предмет - топоним
9 (RLIN) 246452
Географско понятие Африка
651 #7 - Допълнително описание по предмет - топоним
9 (RLIN) 179289
Географско понятие Ню Йорк
651 #7 - Допълнително описание по предмет - топоним
Географско понятие САЩ
9 (RLIN) 179493
653 ## - Ключова дума – ненормативна
9 (RLIN) 200572
Ключови думи частни колекции
653 ## - Ключова дума – ненормативна
9 (RLIN) 188388
Ключови думи каталози
653 ## - Ключова дума – ненормативна
9 (RLIN) 181524
Ключови думи аукциони
852 ## - Местоположение
Отдел Отдел Изкуство - подръчен фонд
Систематично-азбучна сигнатура 7.03/T 44
942 ## - АРТИКУЛИ
Вид на библиотечния документ Книги
Източник на класификационната схема Universal Decimal Classification
Скрит в OPAC Не
944 ## - СЪЗДАВАНЕ И РЕДАКЦИЯ на ЗАПИСА
Дата на регистрацията/редакция Севдалина Тодорова
Служител, извършил регистрацията/редакцията 30540
Номер на служител Севдалина Тодорова
Създаване/Редакция
999 ## - СИСТЕМНИ КОНТРОЛНИ НОМЕРА
Koha biblionumber 540037
Koha biblioitemnumber 540037
Наличности
Код за отписване Код за изгубен артикул Източник на класификационната схема Код за повреда Код за отдаване Артикулен № Име на библиотеката - собственик Име на библиотеката, в която се намира в момента Статус (Текущо местоположение) Дата на вписване в системата Местоположение - отдел Цена в лева Инвентарен номер Систематично азбучна сигнатура Баркод Цена в евро Служебен тип на артикула
  Не е изгубен Universal Decimal Classification Не е повреден заемане за дома 977094 Регионална библиотека "Любен Каравелов" Русе Регионална библиотека "Любен Каравелов" Русе Отдел Изкуство - подръчен фонд 2025-06-20 Отдел Изкуство - подръчен фонд 40.00 120000920746 7.03/T 44 120000920746 20.45 Книги
Vip Innovations Ltd, Rousse, Bulgaria 2025